00391 2200169 4500001002100000008004100021035002000062245002800082100001400110250000600124260003100130300001200161084001400173082000800187650001400195990001200209INLIS000000000001002 ind  a0010-0524000237 aSufisme JawacDr. Simuh aDr. Simuh a1 aYogyakarta :bNarasic2016 a322 hlm a200 SIM s a200 aNon Fiksi a0743979